| 000 | 00684nam a2200241 i 4500 | ||
|---|---|---|---|
| 001 | 9233 | ||
| 003 | ES-MaACL | ||
| 005 | 20250804042952.0 | ||
| 007 | t| | ||
| 008 | 930526s1993 sp ||||1| spa d | ||
| 020 | _a84-339-0091-9 | ||
| 080 | _a176 | ||
| 245 | 0 | 0 |
_aFilosofía y sexualidad / _cedición a cargo de Fernando Savater. |
| 250 | _a[2 ed.]. | ||
| 260 |
_aBarcelona : _bAnagrama, _c1993. |
||
| 300 |
_a173 p. ; _c20 cm. |
||
| 490 | 1 |
_aColección Argumentos ; _v91 |
|
| 650 | 1 | 4 |
_aSexualidad- _xFilosofía. _917083 |
| 700 | 1 |
_aSavater, Fernando, _d1947- _9104053 |
|
| 830 | 0 |
_aColección Argumentos ; _v91 _9178071 |
|
| 852 | 4 |
_a BA _jL-16740 |
|
| 999 |
_c9233 _d9233 |
||